Tensegrity structures design methods / (Record no. 8837)

MARC details
000 -LEADER
fixed length control field 02061cam a22004218i 4500
001 - CONTROL NUMBER
control field 23026951
003 - CONTROL NUMBER IDENTIFIER
control field OSt
005 - DATE AND TIME OF LATEST TRANSACTION
control field 20260412132732.0
008 - FIXED-LENGTH DATA ELEMENTS--GENERAL INFORMATION
fixed length control field 230320s2024 flu b 001 0 eng
010 ## - LIBRARY OF CONGRESS CONTROL NUMBER
LC control number 2023013306
020 ## - INTERNATIONAL STANDARD BOOK NUMBER
International Standard Book Number 9781032440354
Qualifying information (hbk)
020 ## - INTERNATIONAL STANDARD BOOK NUMBER
International Standard Book Number 9781032440361
Qualifying information (pbk)
020 ## - INTERNATIONAL STANDARD BOOK NUMBER
Canceled/invalid ISBN 9781003370093
Qualifying information (ebk)
035 ## - SYSTEM CONTROL NUMBER
System control number 23026951
040 ## - CATALOGING SOURCE
Original cataloging agency DLC
Language of cataloging eng
Description conventions rda
Transcribing agency DLC
Modifying agency DLC
042 ## - AUTHENTICATION CODE
Authentication code pcc
050 00 - LIBRARY OF CONGRESS CALL NUMBER
Classification number TA660.T46
Item number V55 2024
082 00 - DEWEY DECIMAL CLASSIFICATION NUMBER
Classification number 620.1124 V55 2024
Edition number 23/eng/20230803
100 1# - MAIN ENTRY--PERSONAL NAME
Personal name Vilnay, Oren,
Dates associated with a name 1941-
Relator term author.
245 10 - TITLE STATEMENT
Title Tensegrity structures design methods /
Statement of responsibility, etc. Oren Vilnay, Leon Chernin, and Margi Vilnay.
250 ## - EDITION STATEMENT
Edition statement First edition.
263 ## - PROJECTED PUBLICATION DATE
Projected publication date 2309
264 #1 - PRODUCTION, PUBLICATION, DISTRIBUTION, MANUFACTURE, AND COPYRIGHT NOTICE
Place of production, publication, distribution, manufacture Boca Raton, FL :
Name of producer, publisher, distributor, manufacturer CRC Press,
Date of production, publication, distribution, manufacture, or copyright notice 2024.
300 ## - PHYSICAL DESCRIPTION
Extent 199 pages, 24 cm
336 ## - CONTENT TYPE
Content type term text
Content type code txt
Source rdacontent
337 ## - MEDIA TYPE
Media type term unmediated
Media type code n
Source rdamedia
338 ## - CARRIER TYPE
Carrier type term volume
Carrier type code nc
Source rdacarrier
504 ## - BIBLIOGRAPHY, ETC. NOTE
Bibliography, etc. note Includes bibliographical references and index.
505 0# - FORMATTED CONTENTS NOTE
Formatted contents note Two-dimensional plane tensegrity structures -- Three-dimensional spatial tensegrity structures -- Stable tensegrity structures, tensstable structures.
520 ## - SUMMARY, ETC.
Summary, etc. "Tensegrity structures are pre-stressed systems of cables and bars in which no bar is connected to the other and the structure has no continuous rigid skeleton. This introduction for engineers and architects.presents an original general method for their design. It begins with 2D structures, particularly nets, chains, rings and arches. These are then developed to original configurations of spatial tensegrity structures such as slabs, primitive spatial tensegrity arches, primitive domes; and then more elaborate spatial structures such as cylindrical shells, slim domes, vaults, and caps"--
Assigning source Provided by publisher.
650 #0 - SUBJECT ADDED ENTRY--TOPICAL TERM
Topical term or geographic name entry element Tensegrity (Engineering)
650 #0 - SUBJECT ADDED ENTRY--TOPICAL TERM
Topical term or geographic name entry element Tensile architecture.
700 1# - ADDED ENTRY--PERSONAL NAME
Personal name Chernin, Leon,
Relator term author.
700 1# - ADDED ENTRY--PERSONAL NAME
Personal name Vilnay, Margi,
Relator term author.
906 ## - LOCAL DATA ELEMENT F, LDF (RLIN)
a 7
b cbc
c orignew
d 1
e ecip
f 20
g y-gencatlg
942 ## - ADDED ENTRY ELEMENTS (KOHA)
Source of classification or shelving scheme Dewey Decimal Classification
Koha item type English Book
Suppress in OPAC No
Holdings
Withdrawn status Lost status Source of classification or shelving scheme Damaged status Not for loan Home library Current library Date acquired Total Checkouts Full call number Barcode Date last seen Price effective from Koha item type
    Dewey Decimal Classification     CENTRAL TUWAIQ 04/12/2026   620.1124 V55 2024 1000000029128 04/12/2026 04/12/2026 English Book